Market forecast (Record no. 82188)
[ view plain ]
| 000 -LEADER | |
|---|---|
| fixed length control field | 01038cab a22002295a 4500 |
| 001 - CONTROL NUMBER | |
| control field | L149494 |
| 008 - FIXED-LENGTH DATA ELEMENTS--GENERAL INFORMATION | |
| fixed length control field | 100309e20100129xxkdo f s 000 0 eng d |
| 035 ## - SYSTEM CONTROL NUMBER | |
| System control number | (Sirsi) u149494 |
| 041 0# - LANGUAGE CODE | |
| Language code of text/sound track or separate title | eng |
| 100 1# - MAIN ENTRY--PERSONAL NAME | |
| Personal name | Fordham, Peter |
| 245 00 - TITLE STATEMENT | |
| Title | Market forecast |
| Remainder of title | another tough year |
| 260 ## - PUBLICATION, DISTRIBUTION, ETC. | |
| Date of publication, distribution, etc. | 2010 |
| 490 #0 - SERIES STATEMENT | |
| Series statement | Building |
| Volume/sequential designation | 275 (8614) 29 January 2010, 48-50(3) |
| 520 ## - SUMMARY, ETC. | |
| Summary, etc. | Davis Langdon Tender Price Index continued to decline in the fourth quarter of 2009 but the rate of fall decreased; this still leaves prices 17% below their peak 18 months ago. The Building Cost Index rose 1% in the fourth quarter as materials prices increased but still showed a fall of 0.3% over the year. The retail prices index increased 3.8% between January and December 2009. With 10 key factors that will affect demand in 2010. |
| 590 ## - LOCAL NOTE (RLIN) | |
| Local note | KA |
| 650 24 - SUBJECT ADDED ENTRY--TOPICAL TERM | |
| Topical term or geographic name entry element | DAVIS LANGDON TENDER PRICE INDEX |
| 650 24 - SUBJECT ADDED ENTRY--TOPICAL TERM | |
| Topical term or geographic name entry element | BUILDING COST INDEX |
| 650 24 - SUBJECT ADDED ENTRY--TOPICAL TERM | |
| Topical term or geographic name entry element | CREDIT CRUNCH |
| 651 #4 - SUBJECT ADDED ENTRY--GEOGRAPHIC NAME | |
| Geographic name | United Kingdom |
| Chronological subdivision | |
| 690 ## - LOCAL SUBJECT ADDED ENTRY--TOPICAL TERM (OCLC, RLIN) | |
| Topical term or geographic name as entry element | BUILT ENVIRONMENT-CONSTRUCTION MARKET |
| 942 ## - ADDED ENTRY ELEMENTS (KOHA) | |
| Suppress in OPAC | 0 |
| Withdrawn status | Lost status | Source of classification or shelving scheme | Damaged status | Not for loan | Home library | Current library | Shelving location | Date acquired | Total Checkouts | Full call number | Barcode | Date last seen | Copy number | Price effective from | Koha item type |
|---|---|---|---|---|---|---|---|---|---|---|---|---|---|---|---|
| Dewey Decimal Classification | London | London | Journal article | 09/03/2010 | L149494 | 149494-1001 | 06/08/2019 | 1 | 06/08/2019 | Archive |